000 00623nam a2200253 a 4500
003 AR-BaBNM
005 20251128204121.0
008 082120s2002 ||||||||||||||000 | spa||
020 _a950-03-0355-8
040 _cAR-BaBNM
100 1 _aArlt, Roberto
245 0 0 _aEl criador de gorilas
260 _aBuenos Aires
_bLosada
_c1982
300 _a164 p.
490 0 _aBiblioteca clásica contemporánea
650 4 _aLITERATURA ARGENTINA
650 4 _aCUENTOS
650 4 _aESCRITORES
650 4 _aLITERATURA CONTEMPORANEA
653 _aCOSTUMBRISMO
655 _aLITERATURA
942 _cBK
998 _cMARTIN
999 _c6241
_d6241